al-Shiʻr wa-al-shuʻarāʼ, (Record no. 49341)

MARC details
000 -LEADER
fixed length control field 00772cam a22002411 4500
001 - CONTROL NUMBER
control field ne 67000179
003 - CONTROL NUMBER IDENTIFIER
control field DLC
005 - DATE AND TIME OF LATEST TRANSACTION
control field 20260227111829.0
008 - FIXED-LENGTH DATA ELEMENTS--GENERAL INFORMATION
fixed length control field 810908m19661967ua b 000 0 arar
010 ## - LIBRARY OF CONGRESS CONTROL NUMBER
LC control number ne 67000179
025 ## - OVERSEAS ACQUISITION NUMBER
Overseas acquisition number PL480:UAR-7882
035 ## - SYSTEM CONTROL NUMBER
System control number (OCoLC)7743823
040 ## - CATALOGING SOURCE
Original cataloging agency DLC
Transcribing agency TU
Modifying agency TU
-- DLC
042 ## - AUTHENTICATION CODE
Authentication code premarc
050 00 - LIBRARY OF CONGRESS CALL NUMBER
Classification number PJ7541
Item number .I28
100 2# - MAIN ENTRY--PERSONAL NAME
Personal name Ibn Qutaybah, ʻAbd Allāh ibn Muslim,
Dates associated with a name 828-889?
245 13 - TITLE STATEMENT
Title al-Shiʻr wa-al-shuʻarāʼ,
Statement of responsibility, etc. li-ibn Qutaybah taḥqīq wa-sharḥ Aḥmad Muḥammad Shākir.
260 ## - PUBLICATION, DISTRIBUTION, ETC.
Place of publication, distribution, etc. Miṣr,
Name of publisher, distributor, etc. Dār al-maʻārif,
Date of publication, distribution, etc. 1966-[67]
300 ## - PHYSICAL DESCRIPTION
Extent 2 v.
Dimensions 24 cm.
504 ## - BIBLIOGRAPHY, ETC. NOTE
Bibliography, etc. note Bibliographical footnotes.
650 #0 - SUBJECT ADDED ENTRY--TOPICAL TERM
Topical term or geographic name entry element Arabic poetry
Chronological subdivision 750-1258
General subdivision History and criticism.
700 1# - ADDED ENTRY--PERSONAL NAME
Personal name Shākir, Aḥmad Muḥammad,
Relator term ed.

No items available.

Powered by Koha